The new wider world / (Record no. 1645)

000 -LEADER
fixed length control field 00530nam a22001937a 4500
003 - CONTROL NUMBER IDENTIFIER
control field OSt
005 - DATE AND TIME OF LATEST TRANSACTION
control field 20150425101742.0
008 - FIXED-LENGTH DATA ELEMENTS--GENERAL INFORMATION
fixed length control field 150417b xxu||||| |||| 00| 0 eng d
020 ## - INTERNATIONAL STANDARD BOOK NUMBER
International Standard Book Number 9781408505113
050 ## - LIBRARY OF CONGRESS CALL NUMBER
Classification number G128 .W38 2014
100 ## - MAIN ENTRY--PERSONAL NAME
Personal name Waugh,David
245 ## - TITLE STATEMENT
Title The new wider world /
Statement of responsibility, etc David Waugh.
250 ## - EDITION STATEMENT
Edition statement 3rd ed.
260 ## - PUBLICATION, DISTRIBUTION, ETC. (IMPRINT)
Place of publication, distribution, etc Walton-on-Thames :
Name of publisher, distributor, etc Nelson,
Date of publication, distribution, etc 1998.
300 ## - PHYSICAL DESCRIPTION
Extent 344 p. :
Other physical details col. ill., maps
500 ## - GENERAL NOTE
General note Includes index.
650 ## - SUBJECT ADDED ENTRY--TOPICAL TERM
Source of heading or term Geography -- Study and teaching (Secondary)
942 ## - ADDED ENTRY ELEMENTS (KOHA)
Source of classification or shelving scheme
Koha item type Book
Holdings
Withdrawn status Lost status Source of classification or shelving scheme Damaged status Not for loan Home library Current library Shelving location Date acquired Total Checkouts Full call number Barcode Date last seen Date checked out Copy number Price effective from Koha item type
          Riara University Library Riara University Library General stack 17/04/2015 8 G128 .W38 2014 5537/15 20/11/2019 19/11/2019 C.1 17/04/2015 Book
          Riara University Library Riara University Library General stack 17/04/2015 7 G128 .W38 2014 5535/15 22/10/2019 07/10/2019 C.3 17/04/2015 Book
          Riara University Library Riara University Library General stack 17/04/2015 6 G128 .W38 2014 5536/15 25/11/2019 19/11/2019 C.2 17/04/2015 Book

Riara University Library,
P.O. Box 49940-00100,
Nairobi, Kenya.